000 00663nas a2200217 4500
001 BR9507252
003 BR-BrBNA
005 20231205095436.0
007 ta
008 230509b bl.|||p| |||| 00| 00por d
040 _aBR-BrBNA
_bpor
_cBiblioteca Nacional de Agricultura
041 _a(Pt)
072 _aL70
100 1 _aLazzeri, L.
100 1 _aBernis, W.O.
245 1 _aContribuicao a sintese cirurgica
650 _aCirurgia
773 0 _tArquivos da Escola Superior de Veterinaria da Universidade Rural do Estado de Minas Gerais (Brazil)
_x
_g(1959), v. 12 p. 299-363
_wBR9507252
909 _a202311
_bLúcia
_c55
_dLúcia Elande
942 _2AGRIS
_n0
_cANA
999 _c150689
_d150689